[Event "Titled Tuesday intern op 06th Jun Early"]
[Site "Chess.com INT"]
[Date "2023.06.06"]
[Round "7"]
[White "Pinales Roussel, Gabriel"]
[Black "Sarkar, Justin"]
[Result "0-1"]
[WhiteElo "1948"]
[BlackElo "2320"]
[PlyCount "24"]
[EventDate "2023.06.06"]
[EventType "swiss (blitz)"]
[EventRounds "11"]
[EventCountry "USA"]
[SourceTitle "EXT 2024"]
[Source "ChessBase"]
[SourceDate "2023.10.10"]
[SourceVersion "1"]
[SourceVersionDate "2023.10.10"]
[SourceQuality "1"]

1. d4 d5 2. c4 dxc4 3. e3 e5 4. Bxc4 exd4 5. exd4 Nf6 6. Nf3 Be7 7. 0-0 0-0 8. h3 c6 9. Nc3 Nbd7 10. Bg5 Nb6 11. Bd3 Nfd5 12. Rc1 Bxg5 0-1

[Event "Olympiad-44"]
[Site "Chennai"]
[Date "2022.08.09"]
[Round "11.4"]
[White "Kyaw, Myat Aung"]
[Black "Pinales Roussel, Gabriel"]
[Result "1-0"]
[WhiteElo "1839"]
[BlackElo "1973"]
[PlyCount "153"]
[EventDate "2022.07.29"]
[EventType "team-swiss"]
[EventRounds "11"]
[EventCountry "IND"]
[SourceTitle "CBM 210"]
[Source "ChessBase"]
[SourceDate "2022.10.31"]
[SourceVersion "1"]
[SourceVersionDate "2022.10.31"]
[SourceQuality "1"]
[WhiteTeam "Myanmar"]
[BlackTeam "Puerto Rico"]
[WhiteTeamCountry "MYA"]
[BlackTeamCountry "PUR"]

1. d4 c5 2. e3 g6 3. Nf3 Bg7 4. Be2 Nf6 5. c4 0-0 6. d5 e6 7. Nc3 exd5 8. cxd5 Re8 9. 0-0 d6 10. Rb1 a6 11. a4 Bf5 12. Bd3 Bxd3 13. Qxd3 Nbd7 14. h3 Rc8 15. b3 c4 16. bxc4 Nc5 17. Qc2 Re7 18. Ba3 Rec7 19. Bb4 Nfd7 20. Rfc1 b6 21. Ne2 a5 22. Ba3 Na6 23. Qb3 Nac5 24. Bxc5 bxc5 25. Nc3 Rb8 26. Nb5 Nf6 27. Qc2 Re7 28. Nd2 Nh5 29. Ne4 Rd7 30. g4 Nf6 31. Kg2 Ne8 32. Ng3 Bf8 33. Qe4 Ng7 34. f4 Be7 35. Qf3 Bh4 36. e4 f5 37. gxf5 gxf5 38. e5 dxe5 39. fxe5 Qg5 40. Kh2 f4 41. Ne2 Qxe5 42. Rg1 Kh8 43. Rbf1 Rf8 44. Kh1 Rdf7 45. Rg4 Nh5 46. Rxh4 Ng3+ 47. Nxg3 fxg3 48. Qxf7 Rxf7 49. Rxf7 h5 50. Kg2 Qe2+ 51. Kxg3 Qe1+ 52. Rf2 Qe3+ 53. Rf3 Qg5+ 54. Rg4 hxg4 55. hxg4 Qe5+ 56. Rf4 Kg7 57. Kf3 Qe1 58. Re4 Qd1+ 59. Kf4 Qxa4 60. Nd6 Qd1 61. Nf5+ Kf8 62. g5 Qd2+ 63. Kg4 Qg2+ 64. Ng3 a4 65. d6 Qd2 66. Nf5 Qd1+ 67. Kf4 Qd2+ 68. Kg4 Qd1+ 69. Kg3 a3 70. g6 Qg1+ 71. Kf4 Qc1+ 72. Kg4 Qd1+ 73. Kg5 Qc1+ 74. Kf6 Qb2+ 75. Rd4 Qb8 76. g7+ Kg8 77. Ne7+ 1-0

[Event "Olympiad-44"]
[Site "Chennai"]
[Date "2022.08.06"]
[Round "8.4"]
[White "Pinales Roussel, Gabriel"]
[Black "Mcligeyo, Robert Oluka"]
[Result "1-0"]
[WhiteElo "1973"]
[BlackElo "1823"]
[PlyCount "59"]
[EventDate "2022.07.29"]
[EventType "team-swiss"]
[EventRounds "11"]
[EventCountry "IND"]
[SourceTitle "CBM 210"]
[Source "ChessBase"]
[SourceDate "2022.10.31"]
[SourceVersion "1"]
[SourceVersionDate "2022.10.31"]
[SourceQuality "1"]
[WhiteTeam "Puerto Rico"]
[BlackTeam "Kenya"]
[WhiteTeamCountry "PUR"]
[BlackTeamCountry "KEN"]

1. Nf3 d5 2. g3 e6 3. Bg2 Nf6 4. 0-0 Be7 5. c4 0-0 6. b3 b6 7. Bb2 Bb7 8. e3 Nbd7 9. Qe2 c5 10. Nc3 Rc8 11. Rac1 Qc7 12. Ne1 dxc4 13. bxc4 Bxg2 14. Nxg2 Rfd8 15. f4 Qb7 16. e4 e5 17. Nd5 Nxd5 18. exd5 Bd6 19. Ne3 exf4 20. Nf5 f3 21. Rxf3 Bf8 22. Ne7+ Bxe7 23. Qxe7 Rf8 24. Rcf1 Rce8 25. Qxe8 Rxe8 26. Rxf7 Qb8 27. Rxg7+ Kh8 28. Rxd7+ Re5 29. Bxe5+ Qxe5 30. Rf8# 1-0

[Event "PUR-ch"]
[Site "San Juan"]
[Date "2022.04.08"]
[Round "5"]
[White "Pinales Roussel, Gabriel"]
[Black "Morales Santos, Natasha"]
[Result "1-0"]
[WhiteElo "2030"]
[BlackElo "1967"]
[PlyCount "71"]
[EventDate "2022.04.02"]
[EventType "tourn"]
[EventRounds "9"]
[EventCountry "PUR"]
[SourceTitle "CBM 207 Extra"]
[Source "ChessBase"]
[SourceDate "2022.05.31"]
[SourceVersion "1"]
[SourceVersionDate "2022.05.31"]
[SourceQuality "1"]

1. c4 c5 2. g3 g6 3. Bg2 Bg7 4. Nc3 Nc6 5. Nf3 e5 6. 0-0 Nge7 7. a3 0-0 8. Rb1 a5 9. Ne1 d6 10. Nc2 Be6 11. Ne3 f5 12. Ned5 e4 13. d3 exd3 14. Qxd3 Ne5 15. Qc2 Nxd5 16. Nxd5 Rc8 17. b3 Qe8 18. Nf4 Bf7 19. Bxb7 Rb8 20. Bd5 g5 21. Bxf7+ Qxf7 22. Nd3 Qh5 23. Nxe5 dxe5 24. f3 e4 25. Bb2 Bd4+ 26. Bxd4 cxd4 27. fxe4 Rbe8 28. Rb2 Rxe4 29. Rxf5 Rfe8 30. Rf2 Qh3 31. Qd2 Qg4 32. Qxa5 R4e5 33. Qc7 R5e7 34. Qd6 Re6 35. Qd5 Kg7 36. Rd2 1-0

[Event "PUR-ch"]
[Site "San Juan"]
[Date "2022.04.03"]
[Round "3"]
[White "Pinales Roussel, Gabriel"]
[Black "Zilleruelo Irizarry, Diego"]
[Result "1/2-1/2"]
[WhiteElo "2030"]
[BlackElo "2054"]
[PlyCount "107"]
[EventDate "2022.04.02"]
[EventType "tourn"]
[EventRounds "9"]
[EventCountry "PUR"]
[SourceTitle "CBM 207 Extra"]
[Source "ChessBase"]
[SourceDate "2022.05.31"]
[SourceVersion "1"]
[SourceVersionDate "2022.05.31"]
[SourceQuality "1"]

1. c4 e5 2. g3 Nf6 3. Bg2 Nc6 4. Nc3 Bb4 5. Nd5 Nxd5 6. cxd5 Ne7 7. e3 c6 8. Qg4 Bd6 9. Qxg7 Ng6 10. Qh6 Qa5 11. Ne2 cxd5 12. 0-0 Bf8 13. Qh5 d6 14. Nc3 Be6 15. a3 Qc5 16. b4 Qc4 17. Qd1 Bg7 18. Bb2 Ne7 19. Rc1 Qa6 20. a4 0-0 21. Nb5 Rac8 22. Nc7 Rxc7 23. Rxc7 Nc6 24. a5 Nxb4 25. Qb3 Nd3 26. Qxb7 Qxa5 27. Bc3 Qb6 28. Qxb6 axb6 29. Rc6 b5 30. Rb6 d4 31. exd4 exd4 32. Ba1 Ne5 33. Rxb5 Bc4 34. Rb4 Bxf1 35. Kxf1 Nd3 36. Rb1 Rc8 37. Be4 Nc5 38. Rc1 Rb8 39. Bd5 Kf8 40. Kg2 Rb4 41. Rc4 Rxc4 42. Bxc4 Ne4 43. d3 Nc3 44. Bb2 Ke8 45. Ba3 Bf8 46. Bb2 d5 47. Bb3 Bh6 48. f4 Bf8 49. Kf2 Kd7 50. Bxc3 dxc3 51. d4 Ke6 52. Ke3 Bb4 53. g4 h6 54. Kd3 1/2-1/2

[Event "Aguadilla De Diego Cup 18th"]
[Site "Aguadilla"]
[Date "2021.04.17"]
[Round "3"]
[White "Soriano Pereira, Raymond"]
[Black "Pinales Roussel, Gabriel"]
[Result "1-0"]
[WhiteElo "1646"]
[BlackElo "2043"]
[PlyCount "51"]
[EventDate "2021.04.16"]
[EventType "swiss"]
[EventRounds "5"]
[EventCountry "PUR"]
[SourceTitle "EXT 2022"]
[Source "ChessBase"]
[SourceDate "2021.10.06"]
[SourceVersion "1"]
[SourceVersionDate "2021.10.06"]
[SourceQuality "1"]

1. e4 g6 2. d4 Bg7 3. Nf3 d6 4. h3 a6 5. a4 b6 6. Bd3 Bb7 7. 0-0 Nf6 8. Re1 0-0 9. Bg5 c5 10. c3 Qc7 11. Nbd2 h6 12. Bf4 Nh5 13. Bh2 e5 14. d5 Nd7 15. Rc1 Rae8 16. b4 Nf4 17. Bf1 f5 18. b5 axb5 19. Bxb5 fxe4 20. Nxe4 Bxd5 21. Bxf4 Bxe4 22. Rxe4 Rxf4 23. Rxf4 exf4 24. Qd5+ Kh7 25. Qf7 Rd8 26. Nh4 1-0

[Event "PUR-ch"]
[Site "Guaynabo"]
[Date "2020.12.13"]
[Round "9"]
[White "Freyre Forest, Jorge"]
[Black "Pinales Roussel, Gabriel"]
[Result "1/2-1/2"]
[WhiteElo "2008"]
[BlackElo "2033"]
[PlyCount "48"]
[EventDate "2020.12.04"]
[EventType "tourn"]
[EventRounds "9"]
[EventCountry "PUR"]
[SourceTitle "EXT 2022"]
[Source "ChessBase"]
[SourceDate "2021.10.06"]
[SourceVersion "1"]
[SourceVersionDate "2021.10.06"]
[SourceQuality "1"]

1. e4 g6 2. d4 Bg7 3. Nc3 c6 4. Nf3 d6 5. Be3 Bg4 6. Be2 Nf6 7. h3 Bxf3 8. Bxf3 Nbd7 9. Qd2 Qc7 10. a4 e5 11. dxe5 dxe5 12. 0-0 0-0 13. Rfd1 a5 14. Qd6 Qxd6 15. Rxd6 Rfe8 16. Rad1 Nf8 17. g4 h6 18. Bg2 Ne6 19. Ne2 Bf8 20. R6d2 Nc5 21. Nc3 Ne6 22. Ne2 Nc5 23. Nc3 Ne6 24. Ne2 Nc5 1/2-1/2

[Event "PUR-ch"]
[Site "Guaynabo"]
[Date "2020.12.06"]
[Round "4"]
[White "Matta Calvente, Marcel"]
[Black "Pinales Roussel, Gabriel"]
[Result "0-1"]
[WhiteElo "1834"]
[BlackElo "2033"]
[PlyCount "46"]
[EventDate "2020.12.04"]
[EventType "tourn"]
[EventRounds "9"]
[EventCountry "PUR"]
[SourceTitle "EXT 2022"]
[Source "ChessBase"]
[SourceDate "2021.10.06"]
[SourceVersion "1"]
[SourceVersionDate "2021.10.06"]
[SourceQuality "1"]

1. Nf3 Nf6 2. c4 c5 3. Nc3 b6 4. d4 cxd4 5. Nxd4 Bb7 6. f3 Nc6 7. Nf5 Qb8 8. e4 e6 9. Ne3 Be7 10. g3 0-0 11. Bg2 a6 12. f4 Na5 13. 0-0 Qc7 14. e5 Ne8 15. Ne4 f5 16. Nd2 Bxg2 17. Kxg2 d6 18. b4 Nb7 19. exd6 Nbxd6 20. Qb3 Qc6+ 21. Kg1 Nf6 22. c5 Nf7 23. Nxf5 exf5 0-1

[Event "San Juan-ch Juvenil de Puerto Rico"]
[Site "San Juan"]
[Date "2016.12.10"]
[Round "3.3"]
[White "Davila Blanco, Juan Jose"]
[Black "Pinales Roussel, Gabriel"]
[Result "1/2-1/2"]
[WhiteElo "1889"]
[BlackElo "2084"]
[PlyCount "72"]
[EventDate "2016.12.09"]
[EventType "tourn"]
[EventRounds "5"]
[EventCountry "PUR"]
[SourceTitle "EXT 2024"]
[Source "ChessBase"]
[SourceDate "2023.10.10"]
[SourceVersion "1"]
[SourceVersionDate "2023.10.10"]
[SourceQuality "1"]

1. d4 d6 2. Nf3 Bg4 3. c4 c6 4. Nc3 Nd7 5. e4 e5 6. Be2 Ngf6 7. 0-0 Be7 8. d5 0-0 9. Ne1 Bxe2 10. Qxe2 cxd5 11. cxd5 a5 12. Be3 b6 13. Nd3 b5 14. f3 b4 15. Na4 Ne8 16. f4 exf4 17. Nxf4 Bg5 18. Rac1 Nef6 19. Bd2 Re8 20. Rc4 Nb6 21. Nxb6 Qxb6+ 22. Be3 Qa6 23. Qc2 Ng4 24. Bd4 Rac8 25. Rc6 Rxc6 26. dxc6 Rc8 27. c7 Nxh2 28. Kxh2 Qxf1 29. Nd5 h5 30. Qf2 Qd3 31. Qf5 Rxc7 32. Nxc7 Qxd4 33. Qxg5 Qxe4 34. Qxa5 Qf4+ 35. Kh1 Qf1+ 36. Kh2 Qf4+ 1/2-1/2

[Event "San Juan-ch Juvenil de Puerto Rico"]
[Site "San Juan"]
[Date "2016.12.10"]
[Round "2.2"]
[White "Pinales Roussel, Gabriel"]
[Black "Lopez Rivera, Jose A"]
[Result "1-0"]
[WhiteElo "2084"]
[BlackElo "1559"]
[PlyCount "75"]
[EventDate "2016.12.09"]
[EventType "tourn"]
[EventRounds "5"]
[EventCountry "PUR"]
[SourceTitle "EXT 2024"]
[Source "ChessBase"]
[SourceDate "2023.10.10"]
[SourceVersion "1"]
[SourceVersionDate "2023.10.10"]
[SourceQuality "1"]

1. g3 g6 2. Bg2 Bg7 3. d3 c5 4. c4 Nc6 5. Nc3 d6 6. e4 e5 7. Nge2 Bg4 8. h3 Bxe2 9. Nxe2 Qb6 10. 0-0 Nge7 11. Rb1 0-0 12. f4 f5 13. Be3 Rac8 14. b4 a6 15. bxc5 Qa7 16. fxe5 dxe5 17. Qb3 Rc7 18. Qb6 Qxb6 19. cxb6 Rd7 20. Rfd1 Rfd8 21. exf5 gxf5 22. Bg5 Kf7 23. Nc3 Bf6 24. Bxf6 Kxf6 25. g4 Rxd3 26. Nd5+ R8xd5 27. cxd5 Rxd1+ 28. Rxd1 Nb4 29. d6 Nec6 30. d7 Nd8 31. gxf5 Kxf5 32. Bxb7 Nxb7 33. d8Q Nxd8 34. Rxd8 Ke6 35. b7 Nc6 36. b8Q Nxb8 37. Rxb8 e4 38. Rb6+ 1-0

[Event "Pan American-ch U18 27th"]
[Site "Montevideo"]
[Date "2016.07.25"]
[Round "1"]
[White "Villegas, Franco"]
[Black "Pinales Roussel, Gabriel"]
[Result "1-0"]
[WhiteElo "2198"]
[BlackElo "2014"]
[PlyCount "85"]
[EventDate "2016.07.25"]
[EventType "swiss"]
[EventRounds "9"]
[EventCountry "URU"]
[SourceTitle "EXT 2017"]
[Source "ChessBase"]
[SourceDate "2016.10.25"]
[SourceVersion "1"]
[SourceVersionDate "2016.10.25"]
[SourceQuality "1"]

1. e4 g6 2. d4 Bg7 3. Nf3 d6 4. Bc4 Nf6 5. Nc3 0-0 6. 0-0 Nxe4 7. Bxf7+ Rxf7 8. Nxe4 h6 9. h3 Qf8 10. Kh2 Nc6 11. d5 Ne5 12. Nd4 g5 13. a4 c5 14. Ne6 Bxe6 15. dxe6 Rf5 16. Ra3 Rc8 17. Kg1 Nc4 18. Rb3 b6 19. Ng3 Rf6 20. Nh5 Rf5 21. g4 Rf4 22. Bxf4 gxf4 23. Rf3 Be5 24. b3 Na5 25. Qd3 Nc6 26. c3 Na5 27. Qg6+ Kh8 28. Re1 Nxb3 29. Re4 Qg8 30. Qxh6+ Qh7 31. Qxh7+ Kxh7 32. Rexf4 Bxf4 33. Rxf4 Re8 34. Rf7+ Kg8 35. f4 Nc1 36. f5 Ne2+ 37. Kf1 Nxc3 38. f6 Nd5 39. Rg7+ Kh8 40. f7 Rf8 41. Rg5 Ne3+ 42. Kg1 Nc4 43. Nf6 1-0

[Event "PUR-ch"]
[Site "San Juan"]
[Date "2016.04.10"]
[Round "10"]
[White "Machin Rivera, Mark"]
[Black "Pinales Roussel, Gabriel"]
[Result "1-0"]
[WhiteElo "2347"]
[BlackElo "2025"]
[PlyCount "117"]
[EventDate "2016.04.01"]
[EventType "tourn"]
[EventRounds "11"]
[EventCountry "PUR"]
[SourceTitle "CBM 171 Extra"]
[Source "ChessBase"]
[SourceDate "2016.04.26"]
[SourceVersion "1"]
[SourceVersionDate "2016.04.26"]
[SourceQuality "1"]

1. c4 g6 2. g3 Bg7 3. Bg2 c5 4. Nc3 Nc6 5. e3 e6 6. Nge2 Nge7 7. Nf4 0-0 8. h4 a6 9. h5 Rb8 10. Ne4 d6 11. hxg6 hxg6 12. Rb1 b5 13. cxb5 axb5 14. b3 d5 15. Nxc5 Qd6 16. d4 e5 17. Ne2 exd4 18. exd4 Nxd4 19. Nxd4 Qxc5 20. Bb2 Nf5 21. Nxf5 Bxf5 22. Bxg7 Kxg7 23. Rc1 Qb4+ 24. Kf1 Rbc8 25. Rh4 Qa3 26. Qd4+ f6 27. Re1 Rc1 28. Qe3 Rxe1+ 29. Qxe1 Rc8 30. Rd4 Rc1 31. Rd1 Rxd1 32. Qxd1 Qxa2 33. Bxd5 Qb1 34. Qxb1 Bxb1 35. Ke2 Kf8 36. Bc6 Ba2 37. Bd5 Ke7 38. Kd3 Kd6 39. Kd4 Bb1 40. Bf7 Bc2 41. Kc3 Be4 42. Be8 Bc6 43. Bxg6 Kc5 44. b4+ Kd5 45. Kd3 Bd7 46. Bf7+ Ke5 47. Ke3 Bc6 48. g4 f5 49. gxf5 Kxf5 50. Kd4 Bf3 51. Be8 Ke6 52. Kc5 Kf6 53. Bxb5 Be4 54. Bc6 Bd3 55. b5 Bxb5 56. Bxb5 Ke7 57. Kd5 Kf6 58. Bd3 Kf7 59. Ke5 1-0

[Event "PUR-ch"]
[Site "San Juan"]
[Date "2016.04.02"]
[Round "3"]
[White "Almedina Ortiz, Edgardo J"]
[Black "Pinales Roussel, Gabriel"]
[Result "1-0"]
[WhiteElo "2204"]
[BlackElo "2025"]
[PlyCount "93"]
[EventDate "2016.04.01"]
[EventType "tourn"]
[EventRounds "11"]
[EventCountry "PUR"]
[SourceTitle "CBM 171 Extra"]
[Source "ChessBase"]
[SourceDate "2016.04.26"]
[SourceVersion "1"]
[SourceVersionDate "2016.04.26"]
[SourceQuality "1"]

1. e4 d6 2. d4 Nf6 3. Nc3 g6 4. f4 Bg7 5. Nf3 c5 6. Bb5+ Bd7 7. e5 Ng4 8. Bxd7+ Qxd7 9. h3 cxd4 10. Qxd4 Nh6 11. g4 dxe5 12. Qxd7+ Nxd7 13. fxe5 f6 14. Be3 Nxe5 15. Nxe5 fxe5 16. 0-0-0 0-0 17. Rd7 b6 18. Rxe7 Rf7 19. Rxf7 Nxf7 20. Rd1 Nd8 21. Rd6 Bf8 22. Rd7 Nc6 23. Nd5 Bg7 24. Ne7+ Nxe7 25. Rxe7 Bf8 26. Rxe5 Rd8 27. c4 Kf7 28. Kc2 Rd7 29. b3 Bd6 30. Rd5 Ke6 31. Kd3 Rf7 32. Ke2 Rf8 33. Bf2 Rf7 34. Be3 Rf8 35. Rb5 Kd7 36. a4 Kc6 37. a5 Bc5 38. Bxc5 bxc5 39. a6 Rf7 40. Ke3 Re7+ 41. Kf4 Rf7+ 42. Kg5 Rf3 43. h4 Rf2 44. Rb7 Rb2 45. Rxa7 Rxb3 46. Rxh7 Ra3 47. a7 1-0

[Event "Central America-chT U16 4th"]
[Site "Armenia"]
[Date "2013.11.04"]
[Round "2"]
[White "Hernandez, Cristian Andres"]
[Black "Pinales Roussel, Gabriel"]
[Result "1-0"]
[WhiteElo "2114"]
[BlackElo "1809"]
[PlyCount "123"]
[EventDate "2013.11.04"]
[EventType "team"]
[EventRounds "7"]
[EventCountry "COL"]
[SourceTitle "EXT 2016"]
[Source "ChessBase"]
[SourceDate "2015.10.08"]
[SourceVersion "1"]
[SourceVersionDate "2015.10.08"]
[SourceQuality "1"]
[WhiteTeam "Colombia"]
[BlackTeam "Puerto Rico"]
[WhiteTeamCountry "COL"]
[BlackTeamCountry "PUR"]

1. d4 g6 2. Nf3 Bg7 3. c4 c5 4. Nc3 cxd4 5. Nxd4 Nc6 6. Nc2 Nf6 7. g3 0-0 8. Bg2 d6 9. 0-0 Be6 10. Ne3 Ne5 11. b3 Rb8 12. Bb2 a6 13. h3 Qc8 14. Kh2 b5 15. Ncd5 Nxd5 16. cxd5 Bd7 17. Rc1 Qb7 18. Rc2 f5 19. f4 Nf7 20. Bxg7 Kxg7 21. Qd4+ Kg8 22. Rfc1 Rfc8 23. g4 Rxc2 24. Rxc2 Rc8 25. gxf5 Rxc2 26. Nxc2 Bxf5 27. e4 Bd7 28. Ne3 Qc7 29. Ng4 Qc5 30. Qxc5 dxc5 31. Ne3 Nd6 32. e5 Nf5 33. Ng4 Kg7 34. e6 Bc8 35. Ne5 Nd6 36. Kg3 Nf5+ 37. Kf2 Nd6 38. Bf3 Kf6 39. Bg4 h5 40. Be2 Kf5 41. Bd3+ Kxf4 42. Nxg6+ Kg5 43. Nxe7 Bb7 44. Nc6 Bxc6 45. dxc6 Kf6 46. a4 Kxe6 47. axb5 axb5 48. Kf3 c4 49. bxc4 bxc4 50. Bc2 Kd5 51. c7 Kc6 52. Kf4 Kxc7 53. Kg5 Kc6 54. Kxh5 Kc5 55. Kg6 Kd4 56. h4 Kc3 57. Ba4 Kd2 58. h5 c3 59. h6 c2 60. Bxc2 Kxc2 61. h7 Nc4 62. h8Q 1-0